Normal view MARC view

Entry Personal Name

Number of records used in: 1

001 - CONTROL NUMBER

  • control field: 274131

003 - CONTROL NUMBER IDENTIFIER

  • control field: MY-SjTCS

005 - DATE AND TIME OF LATEST TRANSACTION

  • control field: 20200306165839.0

008 - FIXED-LENGTH DATA ELEMENTS

  • fixed length control field: 200306|| aca||aabn | a|a d

040 ## - CATALOGING SOURCE

  • Original cataloging agency: MY-SjTCS
  • Transcribing agency: MY-SjTCS

100 ## - HEADING--PERSONAL NAME

  • Personal name: Pavlik, John V.
  • Fuller form of name: (John Vernon).
  • Title of a work: New media technology and the information superhighway.

670 ## - SOURCE DATA FOUND

  • Source citation: Work cat.: (MY-SjTCS)58272: Pavlik, John V. (John Vernon) 22539, New media technology :, c1998.